[Event "IPCA Wch 20th"]
[Site "Torrevieja"]
[Date "2021.10.26"]
[Round "9"]
[White "Zakharova, Evgenia"]
[Black "Nazarov, Nicolai"]
[Result "1-0"]
[WhiteElo "2045"]
[BlackElo "1770"]
[PlyCount "51"]
[EventDate "2021.10.18"]
[EventType "swiss"]
[EventRounds "9"]
[EventCountry "ESP"]
[SourceTitle "EXT 2023"]
[Source "ChessBase"]
[SourceDate "2022.10.05"]
[SourceVersion "1"]
[SourceVersionDate "2022.10.05"]
[SourceQuality "1"]

1. d4 d5 2. c4 e6 3. g3 c6 4. Nf3 Bb4+ 5. Bd2 Qa5 6. a3 Bxd2+ 7. Qxd2 Qxd2+ 8. Nfxd2 Nf6 9. Nc3 0-0 10. Bg2 Nbd7 11. 0-0 Nb6 12. b3 Re8 13. c5 Nbd7 14. f4 b6 15. b4 Bb7 16. Bf3 a5 17. Rfb1 b5 18. bxa5 Rxa5 19. a4 Rea8 20. Nb3 R5a6 21. axb5 cxb5 22. Nxb5 Rxa1 23. Rxa1 Nb8 24. Rxa8 Bxa8 25. Na5 Kf8 26. Na7 1-0

[Event "IPCA rapid op 1st"]
[Site "La Zenia"]
[Date "2019.11.22"]
[Round "5"]
[White "Nazarov, Nicolai"]
[Black "Khayrullin, Danil"]
[Result "0-1"]
[WhiteElo "1770"]
[BlackElo "1529"]
[PlyCount "76"]
[EventDate "2019.11.22"]
[EventType "swiss (rapid)"]
[EventRounds "9"]
[EventCountry "ESP"]
[SourceTitle "CBM 193 Extra"]
[Source "ChessBase"]
[SourceDate "2020.01.31"]
[SourceVersion "1"]
[SourceVersionDate "2020.01.31"]
[SourceQuality "1"]

1. d4 d5 2. c4 c6 3. Nc3 Nf6 4. Bg5 Bf5 5. c5 e6 6. h3 h6 7. Bf4 Ne4 8. Nxe4 Bxe4 9. e3 Qa5+ 10. Qd2 Qxd2+ 11. Kxd2 Be7 12. f3 Bh7 13. Bd3 Bxd3 14. Kxd3 Nd7 15. Ne2 0-0 16. b4 f6 17. Rhb1 e5 18. Bh2 Kf7 19. b5 Rfb8 20. a4 Ke6 21. f4 e4+ 22. Kd2 f5 23. g4 Bh4 24. Rg1 g6 25. gxf5+ Kxf5 26. Rg4 Be7 27. Rag1 Rg8 28. Ng3+ Ke6 29. Nh5 Kf7 30. Ng3 h5 31. Nxh5 gxh5 32. Rxg8 Rxg8 33. Rxg8 Kxg8 34. bxc6 bxc6 35. a5 Bd8 36. a6 Nb8 37. f5 Nxa6 38. Be5 Bc7 0-1